LEADER 00415oas 2200157z- 450 001 9910678471703321 035 $a(CKB)1000000000215366 035 $a(EXLCZ)991000000000215366 100 $a20180702cuuuuuuuu -u- - 101 0 $afre 200 00$aEmployee Benefit News Canada 210 $cSourceMedia 906 $aNEWSPAPER 912 $a9910678471703321 996 $aEmployee Benefit News Canada$92313463 997 $aUNINA